Phát triển nguồn lợi đỗ đậu và cây bộ đậu nhiệt đới
Gardado en:
| Autor Principal: | |
|---|---|
| Formato: | Libro |
| Idioma: | Undetermined |
| Publicado: |
Hà Nội
KHKT
1984
|
| Những chủ đề: | |
| Các nhãn: |
Engadir etiqueta
Sen Etiquetas, Sexa o primeiro en etiquetar este rexistro!
|
| Thư viện lưu trữ: | Trung tâm Học liệu Trường Đại học Cần Thơ |
|---|
| LEADER | 00578nam a2200181Ia 4500 | ||
|---|---|---|---|
| 001 | CTU_13080 | ||
| 008 | 210402s9999 xx 000 0 und d | ||
| 082 | |a 633.304 | ||
| 082 | |b Qu105 | ||
| 100 | |a Nguyễn Hữu Quán | ||
| 245 | 0 | |a Phát triển nguồn lợi đỗ đậu và cây bộ đậu nhiệt đới | |
| 245 | 0 | |c Nguyễn Hữu Quán | |
| 260 | |a Hà Nội | ||
| 260 | |b KHKT | ||
| 260 | |c 1984 | ||
| 650 | |a field crops | ||
| 904 | |i Nguyễn Quang Điền, 961122 | ||
| 980 | |a Trung tâm Học liệu Trường Đại học Cần Thơ | ||